000 00596nam a2200205 a 4500
001 BRCA_2201
005 20190320203718.0
008 900801s1989 njua---###---#001-0#eng-#
020 _a1850761590
040 _aDLC
_cDLC
_dDLC
050 4 _aNK8454
_b.K56 1989
100 1 _aKing, Constance Eileen
_94239
245 1 0 _aMetal Toys & Automata
_cConstance King.
260 _aSecaucus, N.J.
_bThe Apple Press
_cc1989
300 _a128 p.
_bil. a color
_c29 cm.
500 _aIncluye índice alfabético
650 1 4 _aJuguetes de metal
_96629
650 1 4 _aJuguetes metálicos
_96630
942 _2lcc
_cB
999 _c1957
_d1957